000 00843nas a2200277 4500
001 BR0900210
003 BR-BrBNA
005 20231205113026.0
007 ta
008 230509b bl.|||p| |||| 00| 00por d
040 _aBR-BrBNA
_bpor
_cBiblioteca Nacional de Agricultura
041 _a(Pt)
072 _aM12; L51
100 1 _aTesser, M.B.
100 1 _aSampaio, L.A.
245 1 _aCriação de juvenis de peixe-rei (Odontesthes argentinensis)em diferentes taxas de arraçoamento
650 _aPEIXE-REI
650 _aNUTRIÇÃO ANIMAL
650 _aPISCICULTURA
650 _aARRAÇOAMENTO
650 _aCULTIVO INTENSIVO
650 _aCRESCIMENTO
773 0 _tCiência Rural (Brazil)
_xISSN 0103-8478
_g(Jul-Aug 2006), v. 36(4) p. 1278-1282
_wBR0900210
909 _a202311
_bLúcia
_c55
_dLúcia Elande
942 _2AGRIS
_n0
_cANA
999 _c201411
_d201411